• 首页
  • 本馆介绍
  • 公告通知
  • 最新文献
  • 馆藏检索
  • 电子资源
  • 读者导购
  • 参考咨询
  • 我的图书馆
  • 登录
  • 详细信息显示
  • 放入我的书架
  • 预约/预借图书
  • 作者相关作品
  • 分类相关作品
  • 丛书相关作品
  • 出版社相关作品

书目信息

  • 表格格式
  • 工作单格式
  • 卡片格式
题名:
文字的产生和发展
    
 
作者: 伊斯特林 著 ;左少兴 译
分册:  
出版信息: 北京   北京大学出版社  1987
页数: 580页
开本: 20cm
丛书名:
单 册:
中图分类: H02
科图分类:
主题词: 文字学
电子资源:
ISBN:
000 00685nam0 2200241 45
001 0187003690
005 20050420143328.9
010    @dCNY3.45
091    @a9209.80
100    @a19900808d1987 emky0chiy0121 ea
101 1  @achi@crus
102    @aCN@b110000
105    @ay z 000yy
200 10 @a文字的产生和发展@Awen zi de chan sheng he fa zhan@f(苏)B·A·伊斯特林著@F(Su)B·A·Yi Si Te Lin Zhu@g左少兴译
210    @a北京@c北京大学出版社@d1987
215    @a580页@d20cm
606    @a文字学
690    @aH02@v3
701  0 @a伊斯特林@4著
702  0 @a左少兴@Azuo shao xing@4译
801  0 @aCN@b深圳图书馆@c20040424
801  2 @aCN@bNLC@c20040424
905    @dH02@e22@f1@b204793
    
    文字的产生和发展/(苏)B·A·伊斯特林著/左少兴译.-北京:北京大学出版社,1987
    580页;20cm
    
    
    ISBN :CNY3.45
    
●
相关链接 在E读中查询图书 在五车中查询图书 在当当中查询图书 在豆瓣中查询图书


正题名:文字的产生和发展     索取号:H02/22         预约/预借

序号 登录号 条形码 馆藏地/架位号 状态 备注
1 0204793   002025926   密集书库/ [索取号:H02/22] 在馆    
2 0204795   202075770   第二样本阅览室/ [索取号:H02/22] 在馆    
唐山师范学院图书馆 欢迎您!
大连网信软件有限公司© 版权所有